000 00409nam a2200181Ia 4500
005 20240823030332.0
008 240823s9999||||xx |||||||||||||| ||und||
041 _aENGLISH
082 _A621.3815
100 _aSharma M C
245 0 _a555 Timer and its Applications
250 _a1st
260 _b"BPB,New "
500 _aTransfered
650 _aTimer
_bElectronics
942 _cBK
999 _c188450
_d188450